00329nam a2200145Ia 4500008004000000041000800040082001200048100001700060245003400077260002600111650001400137650001500151650000700166650001000173210210b1913 xxu||||| |||| 00| 0 eng d aeng a320/359 aMAC CUNN (J) aPolitical philosophy of Burke abNot Mentionedc1913 aPolitical aphilosophy aof aBurke